000 00244nam a2200109Ia 4500
999 _c6570
_d6570
020 _a9780201544008
100 _aDavid Bell
245 0 _aDisttributed Database Systems
260 _aEngland
_bAddison-Wesley
_c1992
300 _a410
942 _cBK